Aliments A-Z #1 - Statistiques

Statistiques générales
  • Ce quiz a été pris 404 fois
  • Le résultat moyen est 9 sur 26
Statistiques - réponses
Questions Réponses % Correct
Fruit exotique que l'on peut retrouver sur une pizza hawaiienne Ananas
99%
Elle ne s'écrit pas pareil que celle du calendrier Datte
74%
Il pique les yeux quand on l'épluche Oignon
68%
Crudité souvent rouge Betterave
67%
Laitue ou Batavia par exemple Salade
65%
On l'apprécie en bourbon, en gousse, en glace Vanille
56%
Crudité piquant la langue s'il est noir, même si on le connais davantage en rose Radis
54%
Légume populaire en Italie, avec un léger gout anisé Fenouil
48%
Autre nom de la pêche Nectarine
47%
Muscle de la poitrine du canard Magret
43%
Céréale Quinoa
37%
Agrume japonais Yuzu
36%
Partie du gigot qu'on prélève sur une pate avant Jarret
34%
Considérer comme patate douce en Amérique du Nord, anagramme de gamine Igname
31%
Fromage au lait de vache de Lombardie, à pâte persillée Gorgonzola
30%
Fruit Jamaïcain aussi appelé Tangelo, traduction de laid en anglais Ugli
30%
l'Actinidier en contient Kiwi
22%
Plante bulbeuse qui parfume le repas Échalote
20%
Spécialité du Puy en Velay Lentilles
18%
Autre nom du Fruit du dragon Pitaya
14%
Plante aussi appelé Artichaud de Jérusalem ou truffe du Canada Topinambour
13%
Algue dentelée dont son centre à une saveur délicate Wakamé
12%
Spécialité de l'Ardèche, synonyme de galette de pomme de terre Crique
5%
Plante médicinale aromatisée que l'on trouve de l'alcool d'absinthe Hysope
2%
Épices fraîchement torréfiées, noix de coco, piments rouges et pavot compose ce curry indien Xacuti
1%
Nom d'un pain suisse à base de farine blanche, de beurre, de lait et de levure Zopf
1%
Aucun quiz correspondant
Distribution des résultats
% des personnes avec chaque résultat
Percentile par nombre de réponses
Votre historique - résultats
Vous n’avez pas pris ce quiz